[Event "Porto San Giorgio op 16th"]
[Site "Porto San Giorgio"]
[Date "2004.08.22"]
[Round "2"]
[White "Manganelli, Gianpaolo"]
[Black "Kohlweyer, Bernd"]
[Result "1/2-1/2"]
[WhiteElo "2035"]
[BlackElo "2411"]
[PlyCount "35"]
[EventDate "2004.08.21"]
[EventType "swiss"]
[EventRounds "9"]
[EventCountry "ITA"]
[SourceTitle "CBM 101 Extra"]
[Source "ChessBase"]
[SourceDate "2004.09.01"]
[SourceVersion "2"]
[SourceVersionDate "2004.09.01"]
[SourceQuality "1"]

1. d4 Nf6 2. c4 g6 3. Nc3 d5 4. cxd5 Nxd5 5. e4 Nxc3 6. bxc3 Bg7 7. Be3 c5 8. Qd2 Qa5 9. Rc1 0-0 10. Nf3 cxd4 11. cxd4 Qxd2+ 12. Nxd2 b6 13. Nb3 e6 14. f3 Ba6 15. Bxa6 Nxa6 16. Ke2 Rfc8 17. Rxc8+ Rxc8 18. Rc1 1/2-1/2

[Event "Porto San Giorgio op 16th"]
[Site "Porto San Giorgio"]
[Date "2004.08.21"]
[Round "1"]
[White "Czebe, Attila"]
[Black "Manganelli, Gianpaolo"]
[Result "1/2-1/2"]
[WhiteElo "2481"]
[BlackElo "2035"]
[PlyCount "48"]
[EventDate "2004.08.21"]
[EventType "swiss"]
[EventRounds "9"]
[EventCountry "ITA"]
[SourceTitle "CBM 101 Extra"]
[Source "ChessBase"]
[SourceDate "2004.09.01"]
[SourceVersion "2"]
[SourceVersionDate "2004.09.01"]
[SourceQuality "1"]

1. d4 d5 2. c4 c6 3. Nf3 Nf6 4. Qc2 dxc4 5. Qxc4 Bf5 6. Nc3 e6 7. g3 Nbd7 8. Bg2 Be7 9. 0-0 0-0 10. e3 Ne4 11. Nd2 Nxd2 12. Bxd2 e5 13. Qe2 exd4 14. exd4 Nb6 15. Rfe1 Bf6 16. Bf4 Qxd4 17. Rad1 Qc4 18. Qe3 Bxc3 19. bxc3 Be6 20. Bf1 Nd5 21. Qe5 Qxa2 22. Bg5 Rfe8 23. c4 f6 24. Qd6 Rad8 1/2-1/2